[Event "40th Plunge Open-A 2020"]
[Site "Plunge"]
[Date "2020.07.13"]
[Round "1.10"]
[White "Povilaitis, Tomas"]
[Black "Eigminas, Kipras"]
[Result "0-1"]
[WhiteElo "1832"]
[BlackElo "2116"]
[Annotator "TA"]
[PlyCount "116"]
[EventDate "2020.07.13"]
[EventType "swiss"]
[EventCountry "LTU"]
[SourceTitle "playchess.com"]
[Source "ChessBase"]
[SourceQuality "1"]

{[%evp 18,116,26,0,0,0,0,0,0,-16,-27,-6,-8,-9,0,-55,-61,-127,-129,-110,-121,-130,-71,-74,-75,-138,-120,-164,-167,-170,-168,-170,-120,-124,-118,-120,-106,-118,-108,-110,-92,-94,-94,-95,-95,-97,-89,-117,-118,-126,-126,-175,-175,-195,-184,-220,-220,-231,-226,-243,-218,-227,-201,-202,-203,-291,-291,-295,-294,-529,-425,-12822,-12827,-12835,-12835,-12835,-12833,-12834,-12834,-12834,-12833,-12833,-12832,-12835,-12835,-12836,-12827,-12837,-674,-12835,-12835,-12832,-12833,-12833,-12834,-12831,-12833,-12839,-12839,-12839,-12839]} 1. e4 c5 2. Nf3 d6 3. d4 cxd4 4. Nxd4 Nf6 5. Nc3 g6 6. g3 Bg7 7. Bg2 O-O 8. O-O Nc6 9. Nde2 Bd7 10. Nd5 Rc8 {B70: Sicilian Dragon: 6 g3 and 6 Be2 (without a later Be3).} 11. Rb1 {[#]} Nxd5 $146 ({Predecessor:} 11... Re8 12. a4 Ne5 13. b3 Bc6 14. c4 Bxd5 15. exd5 h5 16. h3 Ned7 17. Be3 a6 {½-½ (27) Bacherikov,V (2136)-Astrakhantsev,V Dagomys 2004}) 12. exd5 Nb4 {The position is equal.} 13. c3 Bf5 $1 {[%cal Rf5c2] ...Bc2 is the strong threat.} ({Reject} 13... Nxa2 $6 14. Be3 $16) 14. Ra1 Nd3 {[#]} 15. g4 $1 {[%mdl 512]} Nxc1 (15... Bxg4 16. Qxd3) 16. Nxc1 (16. gxf5 $11 Nxe2+ 17. Qxe2) 16... Bd7 $36 {[%mdl 2048] Black has good play.} 17. a4 ({White should try} 17. Re1 $15) 17... Rc4 $17 18. h3 f5 {[%cal Rf5g4]} 19. Qe2 {[#]} Rxa4 (19... Qc8 $142 $1 {[%cal Rf5g4]} 20. f3 Qc5+ 21. Qf2 Qxf2+ 22. Rxf2 Rxa4 23. Rxa4 Bxa4) 20. Rxa4 Bxa4 21. Nd3 (21. g5 $142) 21... Bb5 22. Re1 fxg4 23. hxg4 Qb6 {White must now prevent ...Bxd3.} 24. Bf3 {[#]} Be5 $1 {[%mdl 512]} 25. Kg2 (25. Nxe5 Bxe2) 25... a5 26. Rb1 {[#]} Rf4 $1 {[%mdl 512]} 27. Qd2 (27. Nxf4 Bxe2) 27... Bxd3 $1 28. Qxd3 a4 29. Qc2 Qc5 30. Re1 a3 31. bxa3 Qxa3 32. Re3 b5 {[%cal Bb7b5,Bb5b4,Bb4b3,Bb3b2][%mdl 32]} 33. Qb1 Qc5 34. Re4 Rxe4 ({Much less strong is} 34... Qxc3 35. Rxf4 Bxf4 36. Qxb5 $17) 35. Bxe4 Bxc3 36. Qb3 Qd4 37. Bf3 b4 38. Qa4 {White wants to play Qe8+.} Qe5 39. Qb5 Kf7 40. Qc4 Qe1 41. Qe4 (41. Qf4+ $142 Kg7 42. Qc4) 41... b3 $19 42. Qxe1 Bxe1 {[%mdl 4096] Endgame KB-KB} 43. Be4 $2 (43. Kf1 {was the only defense.} Bc3 44. Ke2) 43... h5 {Black is clearly winning.} 44. gxh5 (44. Kf1 $142 Ba5 45. gxh5 gxh5 46. Ke2) 44... gxh5 45. f4 b2 46. Kf3 Bd2 47. Bb1 Kf6 48. Be4 Bc3 49. Bb1 Kf7 50. Kg3 Be1+ 51. Kf3 Ke8 52. Ke4 Bd2 (52... h4 $142 53. Kf3 h3 54. Bg6+ Kf8) 53. Kf5 h4 54. Kg4 {[#]} Be1 $1 55. Kh3 Kd8 56. Kg2 Kc7 57. Kf1 h3 58. Kg1 Bg3 {Accuracy: White = 65%, Black = 89%.} 0-1

[Event "40th Plunge Open-A 2020"]
[Site "Plunge"]
[Date "2020.07.14"]
[Round "2.1"]
[White "Salna, Aleksandras"]
[Black "Pultinevicius, Paulius"]
[Result "0-1"]
[WhiteElo "2063"]
[BlackElo "2512"]
[Annotator "TA"]
[PlyCount "44"]
[EventDate "2020.07.13"]
[EventType "swiss"]
[EventCountry "LTU"]
[SourceTitle "playchess.com"]
[Source "ChessBase"]
[SourceQuality "1"]

{[%evp 19,44,-41,-39,-93,-98,-123,-121,-108,-108,-258,-254,-250,-242,-265,-257,-346,-295,-691,-713,-714,-711,-671,-707,-680,-680,-610,-604]} 1. d4 Nf6 2. c4 g6 3. Nc3 d5 4. Nf3 Bg7 5. Qb3 dxc4 6. Qxc4 O-O 7. e4 a6 8. e5 Nfd7 9. e6 fxe6 10. Qxe6+ Kh8 {[#] White must now prevent ...Ne5.} 11. Be3 $146 {D97: Grünfeld: Russian System: 7 e4, replies other than 7...Bg4.} (11. Be2 $15) ({Predecessor:} 11. Qe4 Nc6 12. Be3 e5 13. dxe5 Ndxe5 14. Nxe5 Bxe5 15. Rd1 Qe8 16. Qh4 Rf4 17. Qh6 Rb4 18. Bd3 Bg7 {0-1 (29) Dumpor,A (2279)-Buljubasic,S (2374) Tuzla 2019}) 11... Ne5 $1 $17 {[%cal Re5f3][%mdl 64] Discovered Attack} 12. Qb3 Nxf3+ 13. gxf3 {Black is better.} Nc6 14. Bd3 (14. d5 $17 {is a better defense.} Ne5 15. O-O-O) 14... Nxd4 15. Bxd4 Qxd4 16. Be4 Bh3 17. Ke2 Bg2 ({Weaker is} 17... Rad8 18. Rad1 $19) 18. Rhg1 $2 {[#]} (18. Rhd1 Qe5 19. Rd3) 18... Bxf3+ $1 $19 {[%mdl 512] Black is clearly winning.} 19. Bxf3 {[#]} Rxf3 $1 {[%mdl 576] Clearance} 20. Kxf3 Rf8+ 21. Kg2 Rxf2+ 22. Kh1 {[#]} Qd2 $1 {[%csl LRb2,LRh2][%mdl 512] White got outplayed after the opening. Accuracy: White = 19%, Black = 91%.} 0-1

[Event "40th Plunge Open-A 2020"]
[Site "Plunge"]
[Date "2020.07.14"]
[Round "2.2"]
[White "Laurusas, Tomas"]
[Black "Narmontas, Raimondas"]
[Result "1-0"]
[WhiteElo "2511"]
[BlackElo "2004"]
[Annotator "TA"]
[PlyCount "115"]
[EventDate "2020.07.13"]
[EventType "swiss"]
[EventCountry "LTU"]
[SourceTitle "playchess.com"]
[Source "ChessBase"]
[SourceQuality "1"]

{[%evp 9,115,8,7,17,38,-4,14,-21,-8,-13,0,-85,-88,-82,-92,-108,-93,-179,-183,-206,-217,-210,-214,-218,-220,-222,-214,-254,-162,-166,-106,-148,-125,-136,-99,-132,-58,-64,-67,-65,-75,-64,-62,-66,-75,-58,-41,-41,-43,-71,-79,-100,-82,-98,-90,-87,-59,-59,-59,-73,-66,-66,-66,-72,-62,-61,-47,-42,-4,-10,-4,-4,0,-9,-8,-13,-11,-12,-15,-25,0,0,63,63,63,63,74,38,38,35,33,27,27,27,29,27,79,79,77,77,125,118,120,75,60,53,116,82]} 1. d4 d5 2. Nf3 Nf6 3. c4 c6 4. Nbd2 Bf5 5. Nh4 Be6 6. e3 {D11: Slav Defence: 3 Nf3 sidelines and 3...Nf6 4 e3 Bg4.} g6 7. b4 Bg7 8. Be2 {The position is equal.} O-O 9. O-O a5 {[#]} 10. b5 $146 (10. bxa5 $11 Qxa5 11. Nb3) ({Predecessor:} 10. bxa5 Qxa5 11. Nb3 Qc7 12. Nc5 Bc8 13. a4 Nbd7 14. Ba3 Nxc5 15. Bxc5 Ne4 16. Bb4 {0-1 (30) Krupenski,J (2413)-Lazavik,D (2222) Tallinn 2019}) 10... dxc4 $17 11. bxc6 Nxc6 {Strongly threatening ...c3.} 12. Nxc4 b5 13. Nd2 {[#]} (13. Na3 $17 {was worth a try.}) 13... Nxd4 $1 $19 {[%mdl 512]} 14. Bb2 (14. exd4 Qxd4) 14... Nxe2+ 15. Qxe2 Qd7 16. Rfd1 Qb7 17. e4 Rac8 18. e5 Ng4 19. Nb3 Qa7 ({Black should play} 19... Qb8 $19 {[%cal Rg4e5]} 20. f4 Nh6) 20. Bd4 Qb8 {[%cal Rg4e5]} 21. f4 Nh6 22. Nxa5 Nf5 (22... Bg4 $17 23. Nf3 Qa8) 23. Nxf5 $15 Bxf5 24. Rd2 Rfd8 25. Rad1 Bh6 26. Be3 Rxd2 27. Rxd2 {[#]} Bxf4 $1 {[%mdl 512]} 28. Bxf4 {Qe3 is the strong threat.} Qb6+ 29. Be3 Qxa5 30. h3 Kg7 31. Kh2 Be6 32. Bg5 Bc4 33. Qe3 Qc7 34. Qf4 h5 35. a3 Be6 36. Re2 Qd7 37. Qb4 Re8 38. Rd2 Bd5 39. Bh4 e6 40. Qf4 Rc8 41. Qf6+ Kh7 42. Bg5 Qe8 43. Rf2 Rc7 44. g4 hxg4 45. hxg4 Qh8 ({Black should try} 45... Qf8 $11) 46. Kg3 $1 $14 {Threatening mate with Rh2+.} Rc3+ 47. Kf4 {White wants to mate with Rh2+.} Rh3 48. Qxh8+ Kxh8 $16 {[%mdl 4096] Endgame KRB-KRB} 49. Bf6+ Kg8 50. Rb2 Kf8 ({Not} 50... Rxa3 $2 51. Rh2 $18) 51. Rxb5 {[%cal Rb5b8]} Ke8 52. Ra5 Rf3+ (52... Rb3 $11) 53. Kg5 Rg3 54. Ra7 Rc3 55. Re7+ Kf8 56. Rd7 {[%cal Rd7d8]} Rc8 57. Be7+ Kg7 (57... Ke8 $14 58. Ra7 Rc4) 58. a4 {White happily takes the draw. Accuracy: White = 75%, Black = 73%.} 1-0

[Event "40th Plunge Open-A 2020"]
[Site "Plunge"]
[Date "2020.07.14"]
[Round "2.3"]
[White "Brazdzionis, Andrius"]
[Black "Sibajeva, Marija"]
[Result "1-0"]
[WhiteElo "2342"]
[BlackElo "2060"]
[Annotator "TA"]
[PlyCount "115"]
[EventDate "2020.07.13"]
[EventType "swiss"]
[EventCountry "LTU"]
[SourceTitle "playchess.com"]
[Source "ChessBase"]
[SourceQuality "1"]

{[%evp 9,115,3,22,-13,36,7,12,0,0,0,0,-5,31,24,21,-25,-22,-23,-8,-18,0,-29,-34,-60,-47,-53,-52,-52,-37,-66,-45,-45,-38,-54,-55,-61,-18,-18,0,-12,0,-33,-14,-22,-14,-18,0,0,0,-2,0,-51,0,0,0,0,0,-9,0,0,32,0,0,-14,42,0,7,0,0,0,0,-20,0,0,82,76,47,88,114,114,114,114,114,114,166,9,221,91,144,75,91,67,91,90,98,91,106,107,104,0,164,166,246,73,432,433,1883,1872]} 1. d4 Nf6 2. c4 g6 3. Nf3 Bg7 4. Nc3 d5 5. h4 c6 6. Bg5 {D90: Grünfeld: 4 Nf3 Bg7 sidelines.} Ne4 7. cxd5 (7. e3 {seems wilder.} Qa5 8. Rc1 Nxc3 9. bxc3 Nd7 10. cxd5 cxd5 11. h5) 7... cxd5 8. Qb3 {The position is equal.} Nxc3 9. bxc3 Nc6 10. e3 {[#]} a6 $146 (10... h6 $5 11. Bf4 $8 O-O $11) ({Predecessor:} 10... O-O 11. Qa3 Bg4 12. Bb5 Bxf3 13. gxf3 Re8 14. Bxc6 bxc6 15. Rb1 Qd7 16. Bf4 Qf5 {0-1 (29) Brhel,J (2092)-Biolek,R (2458) Olomouc 2018}) 11. Be2 O-O 12. O-O h6 13. Bf4 Na5 $1 {[%cal Ra5b3]} 14. Qb4 Bg4 15. a4 Rc8 16. Rfd1 Re8 17. Rab1 e6 18. Rdc1 Bxf3 19. gxf3 Bf8 20. Qb6 Rc6 21. Qxd8 Rxd8 22. e4 Rdc8 23. Bd2 R8c7 24. Kg2 Nc4 25. Be1 Ba3 26. Rd1 Be7 27. Kh3 Na3 28. Rb3 Kg7 29. Bd3 Nc4 30. f4 ({White should try} 30. Rdb1 $11) 30... Bd6 (30... dxe4 $15 31. Bxe4 Rb6) 31. e5 $11 {And now Bxc4 would win.} Be7 32. h5 gxh5 33. f3 Kf8 34. Rdb1 Na3 (34... Na5 $5 {[%cal Ra5b3]} 35. R3b2 Rxc3 $11) 35. Ra1 {[%mdl 1024] White has compensation.} Nc4 36. Ra2 Ne3 (36... Na5 $11 37. Rb1 Rxc3) 37. Re2 Nd1 $132 {[%cal Rd1c3][%mdl 2048] Black is fighting back} 38. Rc2 Ne3 39. Rc1 Nc4 40. Ra1 Ke8 41. Ra2 Ne3 (41... Na5 $11 42. Rb1 Nc4) 42. Rb1 $1 $16 Kd7 43. Re2 Nf5 44. Rg2 $1 Bd8 45. Rg8 Ne3 46. Rf8 Kc8 (46... Ke7 $16 {might work better.} 47. Rh8 Kd7) 47. Rh8 $2 (47. Bh4 $18 {[%csl Gh4][%cal Rf8d8]} Rd7 48. Bxd8 Rxd8 49. Rxf7 Rxc3 50. Rbxb7) 47... Nf5 $2 (47... Rxc3 $11 {and Black is okay.} 48. Bxc3 Rxc3) 48. Bd2 (48. Bxf5 $1 $18 {and White stays clearly on top.} exf5 49. Bh4) 48... Rd7 (48... Ne7 $142) 49. Rb3 (49. Rg1 $142 $1) 49... Kb8 50. a5 Ka7 51. Ra3 $1 Be7 {[#]} 52. Ra1 $1 Rd8 53. Rh7 Rf8 54. Ra4 ({White should play} 54. Rg1 $16) 54... Bd8 $2 {[#]} (54... Nh4 $11 {and Black stays safe.} 55. Be2 Ka8) 55. c4 $1 $18 {[%cal Rc4d5]} dxc4 (55... Ne7 {was worth a try.} 56. cxd5 (56. Rxh6 Rg8 $16) 56... Nxd5) 56. d5 $2 (56. Rxc4 $18 Rxc4 57. Bxc4) 56... Rc5 $2 {[%mdl 8192]} (56... cxd3 $16 {is more resistant.} 57. dxc6 bxc6) 57. Bxf5 {Black must now prevent Be3.} c3 (57... Rxd5 $142 58. Be3+ Kb8) 58. Be3 {Accuracy: White = 64%, Black = 62%.} 1-0

[Event "40th Plunge Open-A 2020"]
[Site "Plunge"]
[Date "2020.07.14"]
[Round "2.4"]
[White "Jablokov, Dmitrij"]
[Black "Sakalauskas, Vaidas"]
[Result "0-1"]
[WhiteElo "1962"]
[BlackElo "2335"]
[Annotator "TA"]
[PlyCount "66"]
[EventDate "2020.07.13"]
[EventType "swiss"]
[EventCountry "LTU"]
[SourceTitle "playchess.com"]
[Source "ChessBase"]
[SourceQuality "1"]

{[%evp 11,66,31,36,4,9,12,7,0,4,10,18,23,43,-27,-23,-29,-29,-40,-42,-44,-50,-60,-49,-70,-62,-74,-30,-27,-15,-19,-28,-33,-30,-334,-333,-316,-314,-481,-477,-454,-439,-479,-424,-396,-405,-412,-393,-811,-767,-2121,-1758,-29978,-2396,-29986,-29980,-29997,-29998]} 1. d4 Nf6 2. c4 e5 3. dxe5 Ng4 4. Nf3 Bc5 5. e3 Nc6 6. a3 a5 7. Bd2 {A52: Budapest Gambit.} O-O 8. Bc3 Re8 9. Nbd2 {The position is equal.} Ncxe5 10. Nxe5 Nxe5 11. Nf3 Ng4 {[#]} 12. Bd4 $146 (12. Bd3 $14) ({Predecessor:} 12. Be2 Bxe3 13. fxe3 Nxe3 14. Qd2 Ra6 15. Kf2 Ng4+ 16. Kg1 Rd6 17. Bd3 b6 18. Qf4 Rxd3 19. Qxg4 {0-1 (32) Panda,S (2085)-Deshmukh,A (2284) Bhubaneswar 2018}) 12... b6 $11 13. h3 Nf6 14. Bd3 Bb7 15. O-O Ne4 16. Qc2 Ng5 17. Nxg5 Qxg5 {[%csl Gb7][%cal Rg5g2]} 18. f4 Qh5 19. Rae1 Re7 20. Bxc5 Qxc5 21. Bxh7+ Kh8 {Threatens to win with ...g6.} 22. Qf5 $2 {[%mdl 8192] Loses the game.} (22. Bd3 $11) 22... g6 $19 23. Bxg6 fxg6 24. Qxg6 {[#]} (24. Qd3 $142) 24... Bxg2 $1 {[%mdl 512]} 25. Rf2 (25. Kxg2 Rg8) 25... Be4 26. Qh6+ Rh7 {( -> ...Rg8+)} 27. Qf6+ Rg7+ 28. Kh2 Rf8 29. Qc3 $2 (29. Qd4 d5 30. Qxc5 bxc5 31. Rg1) 29... Kh7 30. b4 axb4 31. axb4 {[#]} Qf5 $1 32. Ree2 Rf6 33. Qe5 {[#]} Qxh3+ $1 {[%mdl 512] Accuracy: White = 48%, Black = 88%.} 0-1

[Event "40th Plunge Open-A 2020"]
[Site "Plunge"]
[Date "2020.07.14"]
[Round "2.5"]
[White "Indriunas, Matas"]
[Black "Mickus, Benas"]
[Result "1-0"]
[WhiteElo "2199"]
[BlackElo "1961"]
[Annotator "TA"]
[PlyCount "77"]
[EventDate "2020.07.13"]
[EventType "swiss"]
[EventCountry "LTU"]
[SourceTitle "playchess.com"]
[Source "ChessBase"]
[SourceQuality "1"]

{[%evp 16,77,19,19,21,21,27,8,8,6,2,2,2,2,8,-10,0,0,0,0,32,31,38,9,25,15,28,0,33,0,40,32,104,75,85,87,108,83,125,123,140,140,154,152,148,173,431,454,435,406,837,824,824,823,1530,1514,1500,1490,1252,775,774,768,744,727]} 1. e4 e6 2. d4 d5 3. Nc3 Nf6 4. Bg5 Be7 5. e5 Nfd7 6. Bxe7 Qxe7 7. f4 O-O 8. Nf3 c5 9. dxc5 Nxc5 {C14: French: Classical System: 4 Bg5 Be7 main line.} 10. Bd3 f6 11. O-O Nc6 {The position is equal.} 12. Qd2 Bd7 13. Rae1 f5 14. Qe3 a6 {[#]} 15. Nd4 $146 ({Predecessor:} 15. a3 b5 16. Ne2 b4 17. axb4 Nxb4 18. Ned4 Rfb8 19. Be2 a5 20. Ra1 a4 21. Qa3 {½-½ (47) Felgaer,R (2560)-Santiago,Y (2479) Buenos Aires 2019}) 15... b5 16. Nxc6 Bxc6 17. Ne2 Rfc8 18. Nd4 Bd7 19. h3 g6 20. Kh2 Kh8 21. Rg1 Be8 22. Qf2 Bf7 23. g4 Rg8 (23... b4 $14) 24. Nc6 {White leaves nothing to chance now.} Qf8 25. gxf5 gxf5 26. Qh4 {[#] Hoping for Ne7.} Re8 27. Rxg8+ Bxg8 28. Rg1 Nd7 29. Be2 Bf7 30. c3 Rc8 $2 (30... Qc5) 31. Ne7 $18 Re8 {[#]} 32. Rg8+ $1 {[%mdl 576] Deflection} Bxg8 (32... Qxg8 $142 33. Nxg8 Kxg8) 33. Ng6+ $1 {[%mdl 64] Double Attack. White is clearly winning.} Kg7 34. Nxf8 Kxf8 35. Qh6+ Ke7 36. Bh5 Bf7 37. Qxh7 Rf8 38. Bxf7 Rxf7 39. Qh4+ {Accuracy: White = 82%, Black = 61%.} 1-0

[Event "40th Plunge Open-A 2020"]
[Site "Plunge"]
[Date "2020.07.14"]
[Round "2.6"]
[White "Vardanyan, Aras"]
[Black "Boyajyan, David"]
[Result "1-0"]
[WhiteElo "2178"]
[BlackElo "1949"]
[Annotator "TA"]
[PlyCount "83"]
[EventDate "2020.07.13"]
[EventType "swiss"]
[EventCountry "LTU"]
[SourceTitle "playchess.com"]
[Source "ChessBase"]
[SourceQuality "1"]

{[%evp 9,83,24,40,21,56,24,35,37,35,19,24,29,32,31,26,29,40,49,41,43,68,-77,-69,-235,-45,-50,-23,-147,-164,-146,-143,-139,-146,-152,-132,-140,-116,-120,-56,-29,2,4,5,10,72,76,57,70,99,102,245,252,454,452,456,443,398,204,430,410,1452,1428,1503,1502,2408,2306,2631,2477,2160,1413,2715,2362,29985,29986,29985,29982]} 1. c4 e6 2. Nc3 f5 3. g3 c6 4. Bg2 d5 5. Nf3 Nf6 6. O-O {A10: English Opening: Unusual Replies for Black.} d4 7. Nb1 c5 8. e3 {White is slightly better.} Nc6 9. exd4 cxd4 10. d3 Bd6 11. Na3 O-O {[#]} 12. Re1 $146 ({Predecessor:} 12. Nb5 Bb8 13. Qa4 Qb6 14. Bd2 a6 15. Na3 e5 16. b4 e4 17. dxe4 Nxe4 18. c5 {½-½ (64) Bartsch,C (1886)-Owens,J (1932) LSS email 2012}) 12... e5 {[#]} 13. c5 $1 {[%mdl 512]} Bc7 (13... Bxc5 14. Nxe5) 14. Nc4 {[%cal Rc4e5]} Re8 15. Ng5 (15. Bg5 $1 $14) 15... h6 $17 16. Nb6 $2 (16. Nh3 $15) 16... hxg5 $2 (16... Bxb6 $2 17. Qb3+ Be6 18. Nxe6 $18) (16... axb6 $19 17. Qb3+ Be6 $1 {[%mdl 512]} 18. Nxe6 Na5 19. Nxd8+ Nxb3 20. axb3 Rxa1 21. Nxb7 bxc5) 17. Nxa8 $15 Ba5 18. Bd2 (18. Qb3+ $1 $11 Be6 19. Qxb7 Bxe1 20. Nc7) 18... Bxd2 $17 19. Qxd2 Bd7 20. b4 Qxa8 21. b5 {[#]} Nd8 $1 22. a4 g4 23. Rac1 Qc8 (23... a6 $17 24. Qa5 e4 25. dxe4 fxe4) 24. Qa5 $15 f4 {...f3 is the strong threat.} (24... e4 {with more complications.} 25. c6 bxc6 26. Qxa7 Ne6 27. b6 c5) 25. c6 bxc6 {aiming for ...f3.} 26. gxf4 $1 exf4 (26... Nh5 $1 $11 27. bxc6 (27. fxe5 Nf4 $15) 27... Nxc6 28. Qd5+ Kh8 29. Rxe5 (29. fxe5 Re6 $17) 29... Rxe5 30. fxe5 Nf4) 27. Rxe8+ $16 Bxe8 28. Qxa7 f3 29. Bf1 g3 (29... Nd5 $16) 30. hxg3 $18 Qg4 $2 (30... Qe6 {keeps fighting.} 31. Qxd4 Nb7) 31. b6 Qh5 {[#] ( -> ...Ng4)} 32. Qe7 $1 {[%cal Re7d8]} Nb7 {intending ...Bd7.} 33. Qe6+ (33. a5 $142 $1 {[%cal Ra5a6] Strongly threatening a6.} Ng4 34. Bh3 Qxh3 35. Qxe8+ {[%mdl 64] Double Attack} Kh7 36. Qe4+ {[%mdl 64] Double Attack} Kg8 37. Qxf3 Qh2+ 38. Kf1) 33... Bf7 $2 (33... Kf8 34. Re1 Qc5) 34. Qh3 ({Don't play} 34. Qc8+ Kh7 $18) 34... Qd5 (34... Qxh3 $142 35. Bxh3 Nd5) 35. Qc8+ {[%mdl 64] Double Attack} Be8 36. Qxb7 Qg5 37. Re1 Bd7 38. Qb8+ Kh7 {[#]} 39. Qe5 $1 Qh6 {[#]} 40. Re4 $1 Ng4 {[#]} (40... Nxe4 41. Qxe4+) 41. Rxg4 $1 {[%mdl 64] Decoy, Promotion} Bxg4 42. Qe4+ {Never resign too early! Accuracy: White = 68%, Black = 34%.} 1-0

[Event "40th Plunge Open-A 2020"]
[Site "Plunge"]
[Date "2020.07.14"]
[Round "2.7"]
[White "Eigminas, Kipras"]
[Black "Leclere, Daniel"]
[Result "1-0"]
[WhiteElo "2116"]
[BlackElo "1751"]
[Annotator "TA"]
[PlyCount "179"]
[EventDate "2020.07.13"]
[EventType "swiss"]
[EventCountry "LTU"]
[SourceTitle "playchess.com"]
[Source "ChessBase"]
[SourceQuality "1"]

{[%evp 16,179,12,8,9,2,0,0,26,-4,19,14,25,8,21,18,18,12,108,93,93,101,110,94,102,98,93,93,112,66,91,87,121,114,161,143,202,102,112,87,77,94,92,98,103,36,47,36,25,10,14,0,0,0,0,0,0,0,0,0,0,0,0,0,0,-116,-125,-132,-140,-139,-132,-126,-122,-136,-112,-125,0,-2075,0,0,0,0,109,110,110,110,117,110,110,110,110,110,137,137,137,137,137,137,137,137,137,137,137,137,137,0,0,0,0,0,193,200,257,250,250,250,29972,29975,29975,29976,29974,272,272,278,285,0,0,0,0,0,0,0,0,0,29974,29976,29976,29977,29981,375,387,0,29981,29982,29982,29983,29983,29984,29983,29984,29985,29977,29985,0,0,0,29987,29988,29988,29989,29989,29990,29990,29991,29991,29992]} 1. e4 e5 2. Nf3 Nc6 3. Bb5 a6 4. Ba4 Nf6 5. d3 b5 6. Bb3 Bc5 7. O-O d6 8. c3 O-O 9. h3 h6 {C78: Ruy Lopez: Archangelsk and Möller Defences.} 10. Re1 {10.Nbd2 injects fresh life into this line.} Re8 11. a4 Bb7 {The position is equal.} 12. Na3 {[%cal Bb1a3,Ba3c4,Bc4e3][%mdl 32]} b4 13. Nc4 {[#]} a5 $146 ({Predecessor:} 13... bxc3 14. bxc3 Ne7 15. Na5 Bc8 16. d4 exd4 17. cxd4 Bb4 18. Bd2 Bxd2 19. Qxd2 Ng6 {1-0 (29) Vidic,T (1797)-Vasilescu,M (1822) Iasi 2011}) 14. Be3 Bxe3 15. Nxe3 bxc3 16. bxc3 Ne7 (16... Qd7 $11) 17. Bxf7+ $1 $16 {[%mdl 64] Decoy} Kxf7 18. Qb3+ {[%mdl 64] Double Attack} Bd5 19. Nxd5 Nexd5 20. exd5 Rb8 21. Qc4 Qd7 22. Nd2 Rb2 23. Ra2 Rxa2 24. Qxa2 Rb8 25. Nc4 Nxd5 (25... Ra8 $16 26. Rxe5 Kg8) 26. Ne3 ({Better is} 26. Nxa5 $18 c6 27. Qc4) 26... c6 27. Nxd5 Qe6 {[%mdl 64] Pin} 28. c4 {[%cal Bc3c4,Bc4d5][%mdl 32]} cxd5 29. cxd5 {[%mdl 4096] Endgame KQR-KQR} Qd7 30. Re4 (30. Rc1 $16) 30... Qb7 $1 $14 31. Kh2 Qb3 32. Qe2 Qxd5 33. Rc4 Kg8 34. Qg4 Rf8 35. Rc7 {[%csl Gc7][%cal Rg4g7]} Rf7 $36 {[%mdl 2048] Black is pushing.} 36. Rxf7 Kxf7 $11 {KQ-KQ} 37. Qf5+ Kg8 38. Kg3 Qf7 39. Qxf7+ (39. Qe4 {is interesting.} Qf6 40. f3 Qg5+ 41. Kh2 Qf4+ 42. Kg1) 39... Kxf7 {KP-KP} 40. f4 (40. Kf3 $11 {keeps the balance.}) 40... Ke6 $1 $17 41. Kf3 Kd5 42. fxe5 Kxe5 43. Ke3 Kd5 {Strongly threatening ...Kc5.} 44. d4 Kc4 45. Ke4 g6 (45... Kb3 $17 46. Kd5 Kc3 47. Kxd6 Kxd4) 46. g3 $2 {[%mdl 8192]} (46. h4 $11) 46... Kb3 $2 (46... g5 $19 47. g4 Kc3) 47. Kd5 $11 Kc3 48. h4 h5 (48... g5 $11) 49. Kxd6 $16 Kxd4 {K3P-K3P} 50. Ke6 Kc4 51. Kf6 Kb4 52. Kxg6 Kxa4 53. Kxh5 {Intending Kg6 and mate. KPP-KP} Kb5 54. g4 a4 {White must now prevent ...a3.} 55. g5 a3 {Threatens to win with ...a2.} 56. g6 a2 57. g7 a1=Q {( -> ...Qe5+)} 58. g8=Q {KQ-KQ} Qh1 59. Qg5+ Kc6 60. Kg6 (60. Qe7 $1 $16) 60... Kd7 61. h5 {Hoping for Qf5+.} Qe4+ 62. Kg7 {aiming for h6.} Qd4+ $2 (62... Qf3 $11 {and Black has nothing to worry.}) 63. Qf6 $18 Qg4+ 64. Qg6 $1 {[%cal Rg6g4]} Qd4+ 65. Kg8 {White wants to mate with Qg7+.} Qh4 $2 (65... Kd8 $18 66. Qf7 Qg4+ 67. Kf8 Qd4) 66. h6 Ke7 67. Qf7+ Kd6 68. Qf8+ $2 (68. h7 Qg3+ 69. Kf8 Qe5 70. Qg6+ Kc5 71. Kg8 Qd5+ 72. Kg7 Qb7+ 73. Kh6) 68... Ke6 69. Qe8+ $1 Kd6 70. Qb8+ $2 (70. Qe3 $1 $18 Qc4+ 71. Kg7 Qc7+ 72. Kg6) 70... Ke6 $11 71. Qb3+ Ke7 72. Qe3+ Kf6 73. Qf3+ Ke7 74. Qf7+ $2 {[%mdl 8192]} (74. Kh7 $11 Qc4 75. Kh8) 74... Kd6 75. h7 Qg5+ 76. Kf8 $1 Qh6+ 77. Ke8 $2 (77. Qg7 Qf4+ 78. Kg8 Qc4+ 79. Qf7 Qg4+ 80. Kf8 Qc8+ 81. Kg7 Qg4+ 82. Qg6+ Qxg6+ 83. Kxg6) 77... Qe3+ $18 78. Kf8 $2 (78. Kd8 $18 Qg5+ 79. Kc8 Qc1+ 80. Kb8 Qb2+ 81. Qb7 Qh8+ 82. Ka7) 78... Qh6+ 79. Qg7 Qf4+ {[#]} 80. Kg8 $1 Qc4+ 81. Qf7 Qg4+ {[#]} 82. Kf8 $1 Qh4 83. Qg6+ Kd7 84. Qg7+ $2 (84. Kg8 {mates} Kc7 85. h8=Q Qd8+ 86. Kg7 Qd4+ 87. Qf6 Qg4+ 88. Kf8 Qc8+ 89. Kf7) 84... Ke6 $11 {[%cal Rh4d8]} 85. Qg8+ Kd7 $2 {[%mdl 8192]} (85... Kd6 $11 86. Qf7 (86. Kf7 Qf4+ 87. Ke8 Qe5+ 88. Kf7 Qf4+ 89. Kg6 Qg4+ 90. Kh6 Qh4+ 91. Kg7 Qd4+ 92. Kh6 Qh4+ 93. Kg7 Qd4+ 94. Kg6 Qg4+ 95. Kh6 Qh4+ $11) 86... Qh6+) 86. Qd5+ {White mates.} Kc7 87. Qe5+ Kd7 88. h8=Q Qb4+ 89. Kg7 {[%csl Ge5][%cal Rh8e8]} Qg4+ 90. Kf6 {Both players deserved the win here. Accuracy: White = 76%, Black = 76%.} 1-0